| 000 | 01328cam3a220030101 4500 | ||
|---|---|---|---|
| 001 | tmp15794824 | ||
| 003 | UPRA | ||
| 005 | 20190822112205.0 | ||
| 007 | sdubsmennmpune | ||
| 008 | 951031s1977 nyu eng u | ||
| 028 | 0 | 2 |
_aNW300 New World Records _bNW300 New World Records |
| 035 | _a(Sirsi) r51166 | ||
| 035 | _a(UPRA)tmp15794824 | ||
| 040 | _cUPRA | ||
| 245 | 0 | 0 |
_aNine songs by Charles Ives _h[sound recording] : _b[and] songs by Irving Fine [and] Robert Ward. |
| 260 |
_aNew York : _bNew World Records, _c1977. |
||
| 500 | _aProgram notes on rear sleeve. | ||
| 504 | _aNotes, 4 p., by George Gelles including selected bibliography and discography. | ||
| 511 | 0 | 9 | _aPerformed by William Parker, baritone ; Dalton Baldwin, piano ; and Ani Kavafian, violin. |
| 650 | 0 |
_aSongs with piano. _6S6146.1 |
|
| 650 | 0 |
_aSongs -- United States. _zSongs -- United States. _6S6147.1 |
|
| 700 |
_a12a35.1..1.14 d35.1..16.10 t35.1..27.6 k35.1..34.11 _hSound recording. _6A9097.1 |
||
| 700 |
_a12a35.2..1.18 d35.2..20.10 t35.2..31.6 k35.2..38.11 _hSound recording. _6A9098.1 |
||
| 700 |
_a12a35.3..1.19 d35.3..21.6 t35.3..28.6 k35.3..35.11 _hSound recording. _6A9099.1 |
||
| 700 |
_a12a35.4..1.13 t35.4..15.6 k35.4..22.11 _hSound recording. _6A9100.1 |
||
| 949 |
_aM1619 _wlcc _i-64884 _mMAIN _tBOOK _lON-SHELF |
||
| 004 | 51166 | ||
| 999 |
_c132816 _d132816 |
||